ბათუმის შოთა რუსთაველის სახელმწიფო უნივერსიტეტის ბიბლიოთეკა

მშვიდობა და ომი ერებს შორის (ბიბ.ჩანაწერი № 42268)

000 -LEADER
fixed length control field 00903nam a2200229Ia 4500
001 - CONTROL NUMBER
control field 8963
003 - CONTROL NUMBER IDENTIFIER
control field GE_BSU
008 - FIXED-LENGTH DATA ELEMENTS--GENERAL INFORMATION
fixed length control field 181216s||||||||xx |||||||||||||| ||und||
020 ## - INTERNATIONAL STANDARD BOOK NUMBER
International Standard Book Number 978-9941-0-1498-7
040 ## - CATALOGING SOURCE
Transcribing agency GE_BSU
080 ## - UNIVERSAL DECIMAL CLASSIFICATION NUMBER
Universal Decimal Classification number 327.36+335.01
100 ## - MAIN ENTRY--PERSONAL NAME
Personal name არონი,რაიმონ
245 ## - TITLE STATEMENT
Title მშვიდობა და ომი ერებს შორის
245 ## - TITLE STATEMENT
Statement of responsibility, etc. ფრანგ.თარგმნა გიორგი სანიკიძე;სამეცნ.რედ.ზურაბ დავითაშვილი
260 ## - PUBLICATION, DISTRIBUTION, ETC.
Place of publication, distribution, etc. თბილისი
260 ## - PUBLICATION, DISTRIBUTION, ETC.
Name of publisher, distributor, etc. მარსი
260 ## - PUBLICATION, DISTRIBUTION, ETC.
Date of publication, distribution, etc. 2009
300 ## - PHYSICAL DESCRIPTION
Extent 832გვ;29სმ
653 ## - INDEX TERM--UNCONTROLLED
Uncontrolled term დიპლომატია; მშვიდობა; ომი; სოციოლოგია;
653 ## - INDEX TERM--UNCONTROLLED
Uncontrolled term მშვიდობა და ომი ერებს შორის
942 ## - ADDED ENTRY ELEMENTS (KOHA)
Koha item type წიგნი
ეგზემპლარები
Withdrawn status Lost status Damaged status Not for loan Date acquired Barcode Date last seen Price effective from Koha item type
        2018-12-17 31570 2018-12-17 2018-12-17 წიგნი